000 00901nam a2200289 a 4500
001 679
003 BD-RjUL
005 20211208233222.0
008 031002s2003 enka d 000 0 eng
020 _a9780140514452 (pbk)
035 _a(BD-RjUL)699
040 _aDLC
_cDLC
_dDLC
_dBD-RjUL
_beng
041 _aeng
082 0 0 _a540.3
_222
_bPEN 2003
245 0 4 _aThe Penguin dictionary of chemistry /
_cedited by David W.A. Sharp.
250 _a3rd ed.
260 _aLondon ;
_aNew York :
_bPenguin Books,
_c2003.
300 _a434 p. :
_bill. ;
_c20 cm.
500 _aAbridged ed. of: Miall's dictionary of chemistry. 5th ed. 1981.
500 _a"Penguin reference"--Ser. t.p.
650 0 _aChemistry
_vDictionaries.
_9116053
700 1 _aSharp, D. W. A.
_9116054
730 0 _aMiall's dictionary of chemistry.
_9116055
942 _2ddc
_cREF
999 _c679
_d679